[Event "Kronborg Chess Open 2025 Master1"]
[Site "Snekkersten"]
[Date "2025.05.29"]
[Round "1"]
[White "Ramsdal, Jens Albert"]
[Black "Nilssen, John Arni"]
[Result "1/2-1/2"]
[WhiteElo "2351"]
[BlackElo "2348"]
[WhiteFideId "1429221"]
[BlackFideId "7200137"]
[EventDate "2025.05.29"]
[EventType "tourn"]
[EventRounds "7"]
[EventCountry "DEN"]
[SourceTitle "Live v. Helsingor Chess on ChessCom"]

1. d4 g6 2. e4 Bg7 3. c4 d6 4. Nc3 c6 5. Be3 Nf6 6. h3 Qa5 7. Qd2 e5 8. d5 O-O 9. g4 cxd5 10. cxd5 Bd7 11. a3 Na6 12. Nge2 Rfc8 13. Ng3 Qc7 14. Bxa6 bxa6 15. O-O Be8 16. Kh2 Rab8 17. Rg1 Rb3 18. Rac1 Qb7 19. Rc2 Rb8 20. Nd1 Bb5 21. Qc1 Ne8 22. Rc3 Rxc3 23. Nxc3 Bd7 24. b4 a5 25. bxa5 Qa6 26. Qd2 Qxa5 27. Rb1 Rxb1 28. Nxb1 Qxd2 29. Nxd2 a6 30. Ne2 Bb5 31. Nc3 Bd3 32. Na2 Bf6 33. a4 Bc2 34. a5 Bd3 35. Nb4 Be2 36. Nc6 Bh4 37. Kg2 f5 38. Nf3 Bf6 39. g5 Bg7 40. Nd2 fxe4 41. Nxe4 Bc4 42. Bb6 Kf7 43. Nb4 Ke7 44. Kf3 h6 45. h4 hxg5 46. hxg5 Kd7 47. Nc3 Bf8 48. Be3 Be7 49. Na4 Bb5 50. Nb6+ Kc7 51. Ke4 Ng7 52. f4 Nf5 53. Bf2 exf4 54. Kxf4 Kb7 55. Nc2 Bd8 56. Na3 1/2-1/2

[Event "Kronborg Chess Open 2025 Master1"]
[Site "Snekkersten"]
[Date "2025.05.29"]
[Round "1"]
[White "Ostensen, Nicolai Maxime"]
[Black "Strom Engdahl, Alexander"]
[Result "1-0"]
[WhiteElo "2283"]
[BlackElo "2320"]
[WhiteFideId "1546970"]
[BlackFideId "1741586"]
[EventDate "2025.05.29"]
[EventType "tourn"]
[EventRounds "7"]
[EventCountry "DEN"]
[SourceTitle "Live v. Helsingor Chess on ChessCom"]

1. e4 g6 2. d4 Bg7 3. c4 d6 4. Nc3 e5 5. d5 a5 6. Be2 f5 7. exf5 Bxf5 8. Be3 Na6 9. g4 Bd7 10. Qd2 Nf6 11. h3 O-O 12. Nf3 Qe7 13. O-O-O Nc5 14. Qc2 b6 15. Nd2 Rac8 16. Bf3 Qe8 17. Bg2 c6 18. Nde4 Ncxe4 19. Nxe4 Nxe4 20. Bxe4 c5 21. Rdg1 Qe7 22. h4 Bf6 23. h5 g5 24. h6 Kh8 25. Rg3 Rg8 26. Bd2 a4 27. Ra3 b5 28. cxb5 Bxb5 29. f3 Ra8 30. Kd1 Ra7 31. Ke1 Qb7 32. Kf2 Be8 33. Rb1 Qb6 34. b3 axb3 35. Qxb3 Qc7 36. Rxa7 Qxa7 37. Qb7 Qxb7 38. Rxb7 Bg6 39. a4 Bxe4 40. fxe4 Rf8 41. a5 Bd8+ 42. Ke2 Bxa5 43. Bxa5 Kg8 44. Rg7+ Kh8 45. Rd7 Kg8 46. Bd2 Rf6 47. Bxg5 Rg6 48. Rg7+ 1-0

[Event "Kronborg Chess Open 2025 Master1"]
[Site "Snekkersten"]
[Date "2025.05.29"]
[Round "1"]
[White "Loftgaard, Mikkel Vinh"]
[Black "Bazilius, Augustinas"]
[Result "1-0"]
[WhiteElo "2235"]
[BlackElo "2277"]
[WhiteFideId "1468480"]
[BlackFideId "12832251"]
[EventDate "2025.05.29"]
[EventType "tourn"]
[EventRounds "7"]
[EventCountry "DEN"]
[SourceTitle "Live v. Helsingor Chess on ChessCom"]

1. e4 c5 2. Nf3 d6 3. Bb5+ Nd7 4. O-O a6 5. Bxd7+ Bxd7 6. d4 cxd4 7. Qxd4 Nf6 8. Bg5 e6 9. Nc3 Bc6 10. Rfe1 e5 11. Qd3 h6 12. Bxf6 Qxf6 13. Nd2 Be7 14. Nc4 O-O 15. Nb6 Rab8 16. Nbd5 Qe6 17. Ne3 Rfd8 18. a4 Bf8 19. b4 b5 20. axb5 axb5 21. Ncd5 Qd7 22. Ra6 Qb7 23. Rb6 Qd7 24. Ra6 Qb7 25. Rb6 Qd7 26. Rxb8 Rxb8 27. Nf5 Qb7 28. Rd1 Bxd5 29. Qxd5 Qc7 30. Ne3 Qc3 31. Qd2 Qc6 32. Qd3 Ra8 33. Qd5 Qa6 34. g3 Rc8 35. Qb3 Qc6 36. Rd5 Be7 37. h4 g6 38. Qd3 Rb8 39. h5 Kg7 40. Qd1 Ra8 41. Qg4 Bg5 42. f4 Qc3 43. Qf3 Ra1+ 44. Kh2 exf4 45. Nf5+ 1-0

[Event "Kronborg Chess Open 2025 Master1"]
[Site "Snekkersten"]
[Date "2025.05.29"]
[Round "1"]
[White "Couso, Luis"]
[Black "Jalving, August"]
[Result "1-0"]
[WhiteElo "2240"]
[BlackElo "2273"]
[WhiteFideId "1702920"]
[BlackFideId "1471759"]
[EventDate "2025.05.29"]
[EventType "tourn"]
[EventRounds "7"]
[EventCountry "DEN"]
[SourceTitle "Live v. Helsingor Chess on ChessCom"]

1. c4 e5 2. g3 Nf6 3. Bg2 c6 4. d4 exd4 5. Qxd4 d5 6. Nf3 Be6 7. cxd5 cxd5 8. O-O Nc6 9. Qd1 Bc5 10. a3 a5 11. Nc3 O-O 12. Bg5 d4 13. Ne4 Be7 14. Bxf6 Bxf6 15. Rc1 Bd5 16. Ne1 Be7 17. Nd3 Re8 18. Nf4 Bxe4 19. Bxe4 Bg5 20. Bxc6 bxc6 21. Rc4 Bxf4 22. Rxd4 Qe7 23. Rxf4 Qxe2 24. Qb3 Qe6 25. Qc3 h6 26. h4 Qe5 27. Rc1 Qxc3 28. Rxc3 Re6 29. Rb3 Ra7 30. Rc4 Kf8 31. Rb6 Rc7 32. Rc5 a4 33. Rc4 c5 34. Rxe6 fxe6 35. Rxa4 Rb7 36. b4 c4 37. b5 c3 38. Rc4 Rxb5 39. Rxc3 Rb1+ 40. Kg2 Ra1 41. Kf3 Ke7 42. Kg4 Ra2 43. Rf3 g6 44. h5 g5 45. Kh3 e5 46. g4 e4 47. Re3 Rxf2 48. Rxe4+ Kf6 49. Kg3 Ra2 50. a4 Rb2 51. Kf3 Ra2 52. Ke3 Ra3+ 53. Kd2 Kf7 54. Kc2 Kf6 55. Kb2 Rd3 56. a5 Rd8 57. Kb3 Rb8+ 58. Rb4 Ra8 59. Ra4 Rb8+ 60. Kc4 Rc8+ 61. Kd5 Rc1 62. a6 Rc7 63. Kd6 Re7 64. Ra5 Re6+ 65. Kc7 Re7+ 66. Kd8 Ra7 67. Kc8 Ke6 68. Kb8 Rh7 69. Rc5 Kd6 70. Rc8 Ke5 71. a7 Rxa7 72. Kxa7 Kf4 73. Rc4+ 1-0

[Event "Kronborg Chess Open 2025 Master1"]
[Site "Snekkersten"]
[Date "2025.05.29"]
[Round "2"]
[White "Nilssen, John Arni"]
[Black "Jalving, August"]
[Result "1/2-1/2"]
[WhiteElo "2348"]
[BlackElo "2273"]
[WhiteFideId "7200137"]
[BlackFideId "1471759"]
[EventDate "2025.05.29"]
[EventType "tourn"]
[EventRounds "7"]
[EventCountry "DEN"]
[SourceTitle "Live v. Helsingor Chess on ChessCom"]

1. c4 e5 2. g3 Nf6 3. Bg2 Bc5 4. Nc3 O-O 5. e3 Nc6 6. Nge2 d5 7. d4 exd4 8. exd4 Bb4 9. cxd5 Nxd5 10. O-O Be6 11. Qd3 Bxc3 12. bxc3 Nb6 13. Rd1 Bc4 14. Qc2 Nd5 15. Nf4 Re8 16. Nxd5 Bxd5 17. Bxd5 Qxd5 18. Bf4 Rac8 19. Qb3 Qxb3 20. axb3 a6 21. d5 Ne7 22. c4 Ng6 23. Be3 f6 24. Ra4 Red8 25. Rb4 b6 26. Ra4 a5 27. c5 Rb8 28. cxb6 cxb6 29. b4 axb4 30. Rxb4 Ne7 31. Rb5 Rb7 32. Kg2 Kf7 33. h4 Rbd7 34. d6 Rxd6 35. Rxd6 Rxd6 36. Rxb6 1/2-1/2

[Event "Kronborg Chess Open 2025 Master1"]
[Site "Snekkersten"]
[Date "2025.05.29"]
[Round "2"]
[White "Bazilius, Augustinas"]
[Black "Couso, Luis"]
[Result "1/2-1/2"]
[WhiteElo "2277"]
[BlackElo "2240"]
[WhiteFideId "12832251"]
[BlackFideId "1702920"]
[EventDate "2025.05.29"]
[EventType "tourn"]
[EventRounds "7"]
[EventCountry "DEN"]
[SourceTitle "Live v. Helsingor Chess on ChessCom"]

1. e4 c5 2. Nf3 d6 3. d4 cxd4 4. Nxd4 Nf6 5. Nc3 a6 6. Rg1 e6 7. g4 b5 8. g5 Nfd7 9. a3 Bb7 10. f4 Nc5 11. Qe2 Nbd7 12. Bd2 Qb6 13. O-O-O g6 14. Bg2 Bg7 15. Be3 b4 16. axb4 Qxb4 17. f5 Be5 18. fxe6 fxe6 19. Rgf1 Nb6 20. Na2 Qc4 21. Qxc4 Nxc4 22. Bg1 Ke7 23. b3 Na3 24. b4 Na4 25. Rf3 Nb5 26. Rdf1 Rhf8 27. Rxf8 Rxf8 28. Rxf8 Kxf8 29. Ne2 Nac3 30. Naxc3 Nxc3 31. Kd2 Nxe2 32. Kxe2 Bc3 33. b5 axb5 34. Be3 Be5 35. h3 Ke7 36. Kd2 b4 37. Ke2 Ba6+ 38. Kf3 Bc4 39. Bd2 b3 40. cxb3 Bxb3 41. Bf4 Bxf4 42. Kxf4 e5+ 43. Ke3 Kd7 44. h4 Kc6 45. Bh3 Kc5 46. Bd7 Bf7 47. Bc8 Kc4 48. Ba6+ Kc3 49. Be2 Kc2 50. Bg4 Bc4 51. Bf3 Kc1 52. Bg4 Kc2 1/2-1/2

[Event "Kronborg Chess Open 2025 Master1"]
[Site "Snekkersten"]
[Date "2025.05.29"]
[Round "2"]
[White "Strom Engdahl, Alexander"]
[Black "Loftgaard, Mikkel Vinh"]
[Result "1/2-1/2"]
[WhiteElo "2320"]
[BlackElo "2235"]
[WhiteFideId "1741586"]
[BlackFideId "1468480"]
[EventDate "2025.05.29"]
[EventType "tourn"]
[EventRounds "7"]
[EventCountry "DEN"]
[SourceTitle "Live v. Helsingor Chess on ChessCom"]

1. Nf3 e6 2. b3 Nf6 3. Bb2 b6 4. c4 Bb7 5. e3 d5 6. Nc3 dxc4 7. bxc4 Nbd7 8. Be2 a6 9. Qc2 Bd6 10. O-O O-O 11. h3 c5 12. d3 Qc7 13. Rad1 Rfd8 14. Nd2 Ne5 15. f4 Ng6 16. Bf3 Bxf3 17. Nxf3 Ne7 18. Ne4 Nxe4 19. dxe4 Nc6 20. Qc3 Bf8 21. Nh2 Rxd1 22. Rxd1 Rd8 23. Rd2 Rxd2 24. Qxd2 Qd8 1/2-1/2

[Event "Kronborg Chess Open 2025 Master1"]
[Site "Snekkersten"]
[Date "2025.05.29"]
[Round "2"]
[White "Ramsdal, Jens Albert"]
[Black "Ostensen, Nicolai Maxime"]
[Result "0-1"]
[WhiteElo "2351"]
[BlackElo "2283"]
[WhiteFideId "1429221"]
[BlackFideId "1546970"]
[EventDate "2025.05.29"]
[EventType "tourn"]
[EventRounds "7"]
[EventCountry "DEN"]
[SourceTitle "Live v. Helsingor Chess on ChessCom"]

1. Nf3 Nf6 2. e3 e6 3. c4 d5 4. b3 Be7 5. Bb2 O-O 6. Nc3 dxc4 7. bxc4 c5 8. Be2 b6 9. O-O Bb7 10. d3 Nc6 11. Qb3 Rc8 12. Rfd1 Bd6 13. Nb5 Bb8 14. d4 Na5 15. Qc3 Ne4 16. Qe1 Qf6 17. Rab1 cxd4 18. Rxd4 e5 19. Rd7 Qe6 20. Rbd1 Nc5 21. R7d2 Nxc4 22. Bxc4 Qxc4 23. Nd6 Bxd6 24. Rxd6 Bxf3 25. gxf3 f6 26. Ba3 Ne6 27. Qb4 Qxb4 28. Bxb4 Rfd8 29. R1d2 Rxd6 30. Rxd6 Ng5 31. Kg2 Rc7 32. Rd8+ Kf7 33. Rf8+ Ke6 34. h4 Nf7 35. Re8+ Kd7 36. Rg8 g6 37. Rg7 Ke6 38. e4 a5 39. Bf8 Rc8 40. Ba3 b5 41. f4 exf4 42. Bb2 Rc2 43. Bd4 Rxa2 44. Rg8 Nd6 45. Kf3 Ra4 46. Bb2 Nc4 47. Bc1 Ne5+ 48. Kg2 f3+ 49. Kg3 Rxe4 0-1

[Event "Kronborg Chess Open 2025 Master1"]
[Site "Snekkersten"]
[Date "2025.05.30"]
[Round "3"]
[White "Jalving, August"]
[Black "Bazilius, Augustinas"]
[Result "1-0"]
[WhiteElo "2273"]
[BlackElo "2277"]
[WhiteFideId "1471759"]
[BlackFideId "12832251"]
[EventDate "2025.05.29"]
[EventType "tourn"]
[EventRounds "7"]
[EventCountry "DEN"]
[SourceTitle "Live v. Helsingor Chess on ChessCom"]

1. e4 c5 2. Nf3 d6 3. d4 cxd4 4. Nxd4 Nf6 5. Nc3 a6 6. h3 e5 7. Nf3 Be7 8. g4 h6 9. Rg1 b5 10. g5 hxg5 11. Nxg5 Bb7 12. Be3 Nbd7 13. a4 b4 14. Bc4 Rf8 15. Nd5 Nxd5 16. Bxd5 Bxd5 17. Qxd5 Rc8 18. Qd3 Qc7 19. Qxa6 Qxc2 20. Nf3 Rb8 21. Qe2 Qxe4 22. a5 b3 23. a6 Qc2 24. Nd2 d5 25. a7 Ra8 26. Qb5 Bc5 27. Qc6 Ke7 28. Bg5+ Nf6 29. Bxf6+ gxf6 30. Qc7+ Ke8 31. Qc6+ Ke7 32. Qc7+ Ke8 33. Ke2 Rxa7 34. Qb8+ Kd7 35. Rxa7+ Bxa7 36. Qxf8 1-0

[Event "Kronborg Chess Open 2025 Master1"]
[Site "Snekkersten"]
[Date "2025.05.30"]
[Round "3"]
[White "Couso, Luis"]
[Black "Strom Engdahl, Alexander"]
[Result "0-1"]
[WhiteElo "2240"]
[BlackElo "2320"]
[WhiteFideId "1702920"]
[BlackFideId "1741586"]
[EventDate "2025.05.29"]
[EventType "tourn"]
[EventRounds "7"]
[EventCountry "DEN"]
[SourceTitle "Live v. Helsingor Chess on ChessCom"]

1. e4 g6 2. d4 Bg7 3. Nc3 d6 4. Nf3 Nf6 5. Be2 O-O 6. O-O a6 7. a4 Nc6 8. h3 e5 9. d5 Ne7 10. Bg5 h6 11. Be3 Nh5 12. Qd2 Kh7 13. Nh2 Nf4 14. Bxf4 exf4 15. Qxf4 f5 16. exf5 Rxf5 17. Qd2 Bxc3 18. bxc3 Rxd5 19. Bd3 Bf5 20. c4 Rc5 21. g4 Bxd3 22. cxd3 Nc6 23. Qb2 b6 24. f4 Qh8 25. Qxh8+ Rxh8 26. Nf3 Rf8 27. Nd2 Nd4 28. Rae1 d5 29. Re7+ Kg8 30. Kg2 Rf7 31. Re8+ Kg7 32. Rf2 Ra5 33. cxd5 Rxd5 34. Nc4 Nc6 35. Re6 Rf6 36. Re3 b5 37. axb5 axb5 38. Nd2 Nb4 39. Rff3 Rf7 40. Ne4 Nc2 0-1

[Event "Kronborg Chess Open 2025 Master1"]
[Site "Snekkersten"]
[Date "2025.05.30"]
[Round "3"]
[White "Ostensen, Nicolai Maxime"]
[Black "Nilssen, John Arni"]
[Result "1/2-1/2"]
[WhiteElo "2283"]
[BlackElo "2348"]
[WhiteFideId "1546970"]
[BlackFideId "7200137"]
[EventDate "2025.05.29"]
[EventType "tourn"]
[EventRounds "7"]
[EventCountry "DEN"]
[SourceTitle "Live v. Helsingor Chess on ChessCom"]

1. e4 g6 2. d4 Bg7 3. c4 e6 4. Nc3 Ne7 5. Nf3 d5 6. cxd5 exd5 7. exd5 O-O 8. Bc4 Nd7 9. O-O Nb6 10. Qb3 Nf5 11. Rd1 Nxc4 12. Qxc4 Nd6 13. Qb3 Bg4 14. Ne2 Qe8 15. Ng3 Qb5 16. Qxb5 Nxb5 17. Be3 Rfd8 18. a4 Nd6 19. Ne2 Ne8 20. Nc3 Bxf3 21. gxf3 Bf8 22. Rac1 a6 23. Bf4 Bd6 24. Be5 f6 25. Bg3 Kf7 26. Re1 Bb4 27. Re2 Rd7 28. Kf1 Rc8 29. Rec2 Bf8 30. h3 h5 31. Rb1 b6 32. Re1 Bb4 33. Rec1 Bxc3 34. Rxc3 Rxd5 35. Bxc7 Rxd4 36. Bxb6 Rxc3 37. bxc3 Rxa4 38. c4 Nd6 39. c5 Nc8 40. Bc7 Ke6 41. Rd1 Rc4 42. Rd8 Rxc5 43. Rxc8 Kd7 44. Ra8 Rxc7 45. Rxa6 Ke7 46. Kg2 Rc5 47. Rb6 Rd5 48. Ra6 Rd6 49. Ra5 Ke6 50. Rb5 Rd5 51. Rb6+ Ke5 52. Rb4 Rd4 53. Rb5+ Kf4 54. Rb6 Kf5 55. Rb5+ Kf4 56. Rb6 Kf5 57. Rb5+ 1/2-1/2

[Event "Kronborg Chess Open 2025 Master1"]
[Site "Snekkersten"]
[Date "2025.05.30"]
[Round "3"]
[White "Loftgaard, Mikkel Vinh"]
[Black "Ramsdal, Jens Albert"]
[Result "1/2-1/2"]
[WhiteElo "2235"]
[BlackElo "2351"]
[WhiteFideId "1468480"]
[BlackFideId "1429221"]
[EventDate "2025.05.29"]
[EventType "tourn"]
[EventRounds "7"]
[EventCountry "DEN"]
[SourceTitle "Live v. Helsingor Chess on ChessCom"]

1. e4 c6 2. d4 d5 3. exd5 cxd5 4. c4 Nf6 5. Nc3 g6 6. Nf3 Bg7 7. Bg5 Ne4 8. Bf4 Nxc3 9. bxc3 O-O 10. cxd5 Qxd5 11. Be2 Nc6 12. O-O Bf5 13. Qd2 Rfd8 14. Rfd1 Rac8 15. c4 Qa5 16. Qxa5 Nxa5 17. Rac1 Bg4 18. Be3 Bxf3 19. Bxf3 Rxc4 20. Rxc4 Nxc4 21. Bxb7 Rb8 22. Rb1 Nd6 23. Be4 Rxb1+ 24. Bxb1 Nb5 25. d5 Bd4 26. Bd3 Bxe3 27. Bxb5 Bc5 28. Kf1 f5 29. Ke2 Kf7 30. f4 h6 31. Bd7 Kf6 32. h4 Bd6 1/2-1/2

[Event "Kronborg Chess Open 2025 Master1"]
[Site "Snekkersten"]
[Date "2025.05.30"]
[Round "4"]
[White "Nilssen, John Arni"]
[Black "Bazilius, Augustinas"]
[Result "0-1"]
[WhiteElo "2348"]
[BlackElo "2277"]
[WhiteFideId "7200137"]
[BlackFideId "12832251"]
[EventDate "2025.05.29"]
[EventType "tourn"]
[EventRounds "7"]
[EventCountry "DEN"]
[SourceTitle "Live v. Helsingor Chess on ChessCom"]

1. c4 c6 2. e3 d5 3. Nf3 Nf6 4. Nc3 a6 5. d4 e6 6. a3 Nbd7 7. Qc2 dxc4 8. Bxc4 c5 9. dxc5 Bxc5 10. b4 Ba7 11. O-O b5 12. Be2 O-O 13. a4 bxa4 14. Qxa4 Nb6 15. Qb3 Nbd5 16. Nxd5 Qxd5 17. Bc4 Qh5 18. Ra5 Qg4 19. Rg5 Qe4 20. Bb2 h6 21. Bd3 Qb7 22. Rxg7+ Kxg7 23. Qc3 Qe7 24. Ne5 Nd5 25. Qc4 Qxb4 26. Qxb4 Nxb4 27. Nc6+ f6 28. Nxb4 Bc5 29. Be4 Rb8 30. Nd3 Be7 31. Bd4 Bb7 32. Bxb7 Rxb7 33. f4 Rb3 34. Nf2 Rfb8 35. g4 Rb1 36. Nd1 Rc8 37. Kf2 Rc2+ 38. Kf3 Rd2 0-1

[Event "Kronborg Chess Open 2025 Master1"]
[Site "Snekkersten"]
[Date "2025.05.30"]
[Round "4"]
[White "Strom Engdahl, Alexander"]
[Black "Jalving, August"]
[Result "0-1"]
[WhiteElo "2320"]
[BlackElo "2273"]
[WhiteFideId "1741586"]
[BlackFideId "1471759"]
[EventDate "2025.05.29"]
[EventType "tourn"]
[EventRounds "7"]
[EventCountry "DEN"]
[SourceTitle "Live v. Helsingor Chess on ChessCom"]

1. Nf3 Nf6 2. b3 g6 3. Bb2 Bg7 4. c4 O-O 5. g3 c5 6. Bg2 Nc6 7. O-O d6 8. d4 cxd4 9. Nxd4 Bd7 10. Nc3 Nxd4 11. Qxd4 Bc6 12. Qd2 Bxg2 13. Kxg2 Nd7 14. h4 Nf6 15. e4 Rc8 16. f3 h5 17. Rae1 a6 18. Qe2 Qd7 19. Rd1 Qc7 20. Rfe1 Rfe8 21. Rc1 Qa5 22. Ba1 Nd7 23. f4 b5 24. Nd5 Bxa1 25. Rxa1 bxc4 26. bxc4 e6 27. Ne3 Nc5 28. Qf3 Rb8 29. Re2 Qc3 30. Rd1 Rb2 31. Rxb2 Qxb2+ 32. Kh3 Qxa2 33. Rxd6 Rb8 34. e5 Rb2 35. Ng2 Kg7 36. Rd8 Qb1 37. Kh2 Ne4 38. Qa3 Rb4 39. Qd3 Nf2 40. Qxb1 Ng4+ 0-1

[Event "Kronborg Chess Open 2025 Master1"]
[Site "Snekkersten"]
[Date "2025.05.30"]
[Round "4"]
[White "Ostensen, Nicolai Maxime"]
[Black "Loftgaard, Mikkel Vinh"]
[Result "1/2-1/2"]
[WhiteElo "2283"]
[BlackElo "2235"]
[WhiteFideId "1546970"]
[BlackFideId "1468480"]
[EventDate "2025.05.29"]
[EventType "tourn"]
[EventRounds "7"]
[EventCountry "DEN"]
[SourceTitle "Live v. Helsingor Chess on ChessCom"]

1. e4 c5 2. Nf3 e6 3. c3 d5 4. exd5 exd5 5. d4 Nc6 6. Bb5 Nf6 7. O-O Be7 8. dxc5 Bxc5 9. Nbd2 O-O 10. Nb3 Be7 11. h3 Bf5 12. Re1 a6 13. Bf1 Re8 14. Be3 Qd7 15. Nbd4 Nxd4 16. Nxd4 Bg6 17. Bg5 Ne4 18. Bxe7 Rxe7 19. Qg4 Qc7 20. Re3 Qb6 21. Rae1 h6 22. Qh4 Rc7 23. f3 Nf6 24. Qf2 Qa5 25. a3 Rcc8 26. h4 h5 27. Qg3 Qb6 28. R1e2 Kh7 29. Kh2 Re8 30. Rxe8 Rxe8 31. Rxe8 Nxe8 32. b4 Nd6 33. Qe5 Qc7 34. Ne2 Qd8 35. Qxd5 Qxh4+ 36. Kg1 Qe7 37. Qc5 Qf6 38. Qd4 Qe7 39. c4 Nf5 40. Qc3 Ne3 41. Nf4 Nxf1 42. Kxf1 Qd6 43. Nxg6 Qxg6 44. c5 Qb1+ 45. Kf2 g6 46. Kg3 Qa2 47. Qd3 Qe6 48. Qe4 Qd7 49. Qe5 Qb5 50. Qd5 Kg8 51. Kf4 Kg7 52. g3 f6 53. Ke3 g5 54. f4 Qc6 55. Qf5 Qg2 56. Qd7+ Kh6 57. fxg5+ fxg5 58. Qe6+ Kg7 59. Qe5+ Kg6 60. Qe6+ Kg7 61. Qe5+ Kg6 62. Qe6+ 1/2-1/2

[Event "Kronborg Chess Open 2025 Master1"]
[Site "Snekkersten"]
[Date "2025.05.30"]
[Round "4"]
[White "Ramsdal, Jens Albert"]
[Black "Couso, Luis"]
[Result "1/2-1/2"]
[WhiteElo "2351"]
[BlackElo "2240"]
[WhiteFideId "1429221"]
[BlackFideId "1702920"]
[EventDate "2025.05.29"]
[EventType "tourn"]
[EventRounds "7"]
[EventCountry "DEN"]
[SourceTitle "Live v. Helsingor Chess on ChessCom"]

1. Nf3 d5 2. e3 Nf6 3. c4 e6 4. b3 Be7 5. Bb2 a6 6. Nc3 O-O 7. Rg1 dxc4 8. bxc4 Nc6 9. d4 Bb4 10. Bd3 Qe7 11. a3 Ba5 12. Kf1 e5 13. Nd5 Nxd5 14. cxd5 e4 15. dxc6 exd3 16. Qxd3 Rb8 17. Ne5 f6 18. Nc4 bxc6 19. Rc1 Be6 20. Rc2 Bb6 21. Ke2 c5 22. Nxb6 cxb6 23. Qxa6 cxd4 24. Bxd4 Rfd8 25. Qa4 b5 26. Qb4 Qe8 27. f3 Qg6 28. Rc3 Rbc8 29. Qb1 Rxc3 30. Qxg6 Rxe3+ 1/2-1/2

[Event "Kronborg Chess Open 2025 Master1"]
[Site "Snekkersten"]
[Date "2025.05.31"]
[Round "5"]
[White "Bazilius, Augustinas"]
[Black "Strom Engdahl, Alexander"]
[Result "1/2-1/2"]
[WhiteElo "2277"]
[BlackElo "2320"]
[WhiteFideId "12832251"]
[BlackFideId "1741586"]
[EventDate "2025.05.29"]
[EventType "tourn"]
[EventRounds "7"]
[EventCountry "DEN"]
[SourceTitle "Live v. Helsingor Chess on ChessCom"]

1. d4 g6 2. c4 Bg7 3. Nf3 d6 4. Nc3 Bg4 5. g3 Bxf3 6. exf3 Nc6 7. d5 Nd4 8. Bg2 c5 9. dxc6 bxc6 10. f4 Rb8 11. O-O Nh6 12. b3 O-O 13. Bb2 c5 14. Na4 Qc7 15. Qd2 Nhf5 16. Rab1 h5 17. Rfe1 Rfe8 18. Be4 e5 19. fxe5 Rxe5 20. Bg2 Rbe8 21. Rxe5 Rxe5 22. Re1 Qe7 23. Rxe5 Qxe5 24. Kf1 h4 25. Qd3 hxg3 26. hxg3 Qf6 27. Kg1 Qg5 28. Nc3 Qd8 29. Na4 Qe8 30. Kf1 Kf8 1/2-1/2

[Event "Kronborg Chess Open 2025 Master1"]
[Site "Snekkersten"]
[Date "2025.05.31"]
[Round "5"]
[White "Loftgaard, Mikkel Vinh"]
[Black "Nilssen, John Arni"]
[Result "1-0"]
[WhiteElo "2235"]
[BlackElo "2348"]
[WhiteFideId "1468480"]
[BlackFideId "7200137"]
[EventDate "2025.05.29"]
[EventType "tourn"]
[EventRounds "7"]
[EventCountry "DEN"]
[SourceTitle "Live v. Helsingor Chess on ChessCom"]

1. e4 c5 2. Nf3 Nc6 3. c3 e5 4. Bc4 Qc7 5. O-O Be7 6. d4 d6 7. dxe5 dxe5 8. Qe2 Nf6 9. Bg5 Nh5 10. Be3 O-O 11. Nbd2 g6 12. Bd5 Nd8 13. Nc4 Bf6 14. Bh6 Re8 15. Ne3 Bg7 16. Bxg7 Kxg7 17. g3 Nf6 18. Nh4 Bh3 19. Rfd1 Be6 20. Nhg2 Nc6 21. Rd2 Ne7 22. Bxe6 fxe6 23. Ng4 Neg8 24. Rad1 Re7 25. Rd6 Ne8 26. R6d2 Nef6 27. Nxf6 Nxf6 28. f3 c4 29. Ne3 Rc8 30. Kg2 b5 31. b4 Rd7 32. Rxd7+ Nxd7 33. Qd2 Nb6 34. Ng4 Rf8 35. Qg5 Qf7 36. Qxe5+ 1-0

[Event "Kronborg Chess Open 2025 Master1"]
[Site "Snekkersten"]
[Date "2025.05.31"]
[Round "5"]
[White "Couso, Luis"]
[Black "Ostensen, Nicolai Maxime"]
[Result "1/2-1/2"]
[WhiteElo "2240"]
[BlackElo "2283"]
[WhiteFideId "1702920"]
[BlackFideId "1546970"]
[EventDate "2025.05.29"]
[EventType "tourn"]
[EventRounds "7"]
[EventCountry "DEN"]
[SourceTitle "Live v. Helsingor Chess on ChessCom"]

1. c4 c5 2. g3 Nf6 3. Bg2 d5 4. cxd5 Nxd5 5. Nc3 Nc7 6. Nf3 Nc6 7. O-O g6 8. Qa4 Bd7 9. Qc4 e5 10. d3 Be6 11. Qa4 f6 12. Be3 Nd5 13. Nxd5 Bxd5 14. Rfc1 b6 15. b4 a6 16. bxc5 b5 17. Qh4 Be7 18. Nd2 Bxg2 19. Kxg2 f5 20. Qh6 Bf8 21. Qg5 Qd5+ 22. f3 Kf7 23. Qh4 h6 24. g4 Be7 25. Qh3 Bg5 26. Nf1 Kf6 27. a4 b4 28. Rc4 Rab8 29. gxf5 gxf5 30. Bf2 b3 31. Ng3 Qe6 32. e4 f4 33. Qxe6+ Kxe6 34. Ne2 Rhd8 35. Rc3 Rb4 36. Rb1 b2 37. Rc2 Rdb8 38. Nc3 Be7 39. Nd5 Rb3 40. Kf1 Rxd3 41. Rbxb2 Rxb2 42. Rxb2 Rxf3 43. Kg2 Rxf2+ 44. Kxf2 Bxc5+ 45. Kf1 a5 46. Rb7 Nd4 47. Rh7 Bf8 48. Ra7 Nf3 49. Ra6+ Bd6 50. Nc3 Kd7 51. Rxa5 Bb4 52. Rd5+ Kc6 53. Nd1 Nxh2+ 54. Ke2 Bc5 55. Rxe5 f3+ 56. Kd3 f2 57. Nxf2 Bxf2 58. Ke2 Bd4 59. Re6+ Kc5 60. Rxh6 Ng4 61. Rh3 Ne5 62. Rb3 Kc4 63. Rb1 Bc3 64. Ke3 Nc6 65. Kf4 Kc5 66. Rb5+ Kd6 67. Rd5+ Kc7 68. Rc5 Bd4 69. Rc4 Bh8 70. a5 Bg7 71. a6 Kb6 72. Ra4 Bc3 73. Kf5 Ba5 74. e5 Kxa6 75. e6 Kb5 76. Rxa5+ Kxa5 77. Kf6 Kb6 78. e7 Nxe7 79. Kxe7 1/2-1/2

[Event "Kronborg Chess Open 2025 Master1"]
[Site "Snekkersten"]
[Date "2025.05.31"]
[Round "5"]
[White "Jalving, August"]
[Black "Ramsdal, Jens Albert"]
[Result "0-1"]
[WhiteElo "2273"]
[BlackElo "2351"]
[WhiteFideId "1471759"]
[BlackFideId "1429221"]
[EventDate "2025.05.29"]
[EventType "tourn"]
[EventRounds "7"]
[EventCountry "DEN"]
[SourceTitle "Live v. Helsingor Chess on ChessCom"]

1. e4 e5 2. Nf3 Nc6 3. Bb5 a6 4. Ba4 Nf6 5. O-O d6 6. d4 b5 7. dxe5 dxe5 8. Qxd8+ Nxd8 9. Bb3 Nd7 10. Nc3 c6 11. a4 b4 12. Nb1 f6 13. Be3 Bc5 14. Bxc5 Nxc5 15. Nbd2 Bg4 16. Rfe1 Nde6 17. h3 Bxf3 18. Bxe6 Nxe6 19. Nxf3 O-O-O 20. b3 Rd7 21. c3 bxc3 22. Rec1 Nd4 23. Ra2 Rb7 24. b4 Rxb4 25. Rxc3 Kc7 26. Kh2 Nxf3+ 27. gxf3 Rd8 28. Kg3 a5 29. h4 Rd1 30. Rac2 Rd6 31. Ra2 h5 32. Kg2 Kb6 33. Kf1 c5 34. Ke2 c4 35. Ke3 Kc5 36. Raa3 Rb2 37. f4 Rdd2 38. fxe5 fxe5 39. f4 Rf2 0-1

[Event "Kronborg Chess Open 2025 Master1"]
[Site "Snekkersten"]
[Date "2025.05.31"]
[Round "6"]
[White "Nilssen, John Arni"]
[Black "Strom Engdahl, Alexander"]
[Result "1/2-1/2"]
[WhiteElo "2348"]
[BlackElo "2320"]
[WhiteFideId "7200137"]
[BlackFideId "1741586"]
[EventDate "2025.05.29"]
[EventType "tourn"]
[EventRounds "7"]
[EventCountry "DEN"]
[SourceTitle "Live v. Helsingor Chess on ChessCom"]

1. c4 g6 2. g3 Bg7 3. Bg2 c5 4. Nf3 Nc6 5. O-O d6 6. Nc3 e5 7. d3 Nge7 8. Nd5 O-O 9. Ne1 Be6 10. Nc2 Rb8 11. Bg5 f6 12. Bd2 a5 13. Nce3 b6 14. Rb1 f5 15. f4 Bf7 16. Kh1 Qd7 17. Qa4 Rfd8 18. fxe5 dxe5 19. Nxe7+ Nxe7 20. Qxd7 Rxd7 21. Bc3 Be6 22. a3 Rf8 23. b4 axb4 24. axb4 f4 25. bxc5 bxc5 26. gxf4 exf4 27. Bxg7 Kxg7 28. Rb6 Rf6 29. Nd1 g5 30. Nc3 Bf5 31. Rb5 Rc7 32. Rg1 h6 33. Bf3 Kf7 34. Ra1 g4 35. Bd5+ Kg7 36. Rf1 Bg6 37. Be4 Be8 38. Ra5 h5 39. Bd5 Bg6 40. Be4 Be8 41. Bd5 Bg6 42. Be4 Be8 43. Bd5 1/2-1/2